• 首页
  • 本馆介绍
  • 公告通知
  • 最新文献
  • 馆藏检索
  • 电子资源
  • 读者导购
  • 参考咨询
  • 我的图书馆
  • 登录
  • 详细信息显示
  • 放入我的书架
  • 预约/预借图书
  • 作者相关作品
  • 分类相关作品
  • 丛书相关作品
  • 出版社相关作品

书目信息

  • 表格格式
  • 工作单格式
  • 卡片格式
题名:
温文尔雅
    
 
作者: 姜正成 主编
分册:  
出版信息: 北京   中国财富出版社  2016
页数: 273页
开本: 24cm
丛书名: 一本书读懂系列
单 册:
中图分类: I209-49
科图分类:
主题词: 中国文学--zhong guo wen xue--文学史--通俗读物
电子资源:
ISBN: 978-7-5047-6012-8
000 01042nam0 22002771 450
001 0120082031
005 20170320082031.0
010    @a978-7-5047-6012-8@dCNY38.00
100    @a20160426d2016 em y0chiy50 ea
101 0  @achi
102    @aCN@b110000
105    @ay a 000yy
106    @ar
200 1  @a温文尔雅@9wen wen er ya@e一本书读懂中国文学@f姜正成主编
210    @a北京@c中国财富出版社@d2016
215    @a273页@d24cm
225 2  @a一本书读懂系列@9yi ben shu du dong xi lie
320    @a有书目 (第271页)
330    @a本书中,我们大致按照历史朝代将中国文学史分作九个阶段,总述先秦 “风骚”,秦汉辞赋、乐府、史传,魏晋小说,唐宋诗词,明清市民小说等的发展总貌,分别介绍了每阶段的文学流派,并有对名家名作的赏析。
461  0 @12001 @a一本书读懂系列
517 1  @a一本书读懂中国文学@9yi ben shu du dong zhong guo wen xue
606 0  @a中国文学@9zhong guo wen xue@x文学史@j通俗读物
690    @aI209-49@v5
701  0 @a姜正成@9jiang zheng cheng@4主编
801  0 @aCN@bTANGWEI@c20170308
905    @b0955388-91@dI209-49@e328@f4
    
    温文尔雅:一本书读懂中国文学/姜正成主编.-北京:中国财富出版社,2016
    273页;24cm.-(一本书读懂系列)
    
    
    ISBN 978-7-5047-6012-8:CNY38.00
    本书中,我们大致按照历史朝代将中国文学史分作九个阶段,总述先秦 “风骚”,秦汉辞赋、乐府、史传,魏晋小说,唐宋诗词,明清市民小说等的发展总貌,分别介绍了每阶段的文学流派,并有对名家名作的赏析。
●
相关链接 在E读中查询图书 在五车中查询图书 在当当中查询图书 在豆瓣中查询图书


正题名:温文尔雅     索取号:I209-49/328         预约/预借

序号 登录号 条形码 馆藏地/架位号 状态 备注
1 0955388   209553883   第一样本阅览室/ [索取号:I209-49/328] 在馆    
2 0955389   209553892   第二借阅区/ [索取号:I209-49/328] 在馆    
3 0955390   209553909   第二借阅区/ [索取号:I209-49/328] 在馆    
4 0955391   209553918   密集书库-文学院/ [索取号:I209-49/328] 在馆    
唐山师范学院图书馆 欢迎您!
大连网信软件有限公司© 版权所有